| 000 -LEADER |
| fixed length control field |
02254cam a2200409 a 4500 |
| 001 - CONTROL NUMBER |
| control field |
15529687 |
| 005 - DATE AND TIME OF LATEST TRANSACTION |
| control field |
20170105102856.0 |
| 008 - FIXED-LENGTH DATA ELEMENTS--GENERAL INFORMATION |
| fixed length control field |
081120s2009 coua b 001 0 eng |
| 010 ## - LIBRARY OF CONGRESS CONTROL NUMBER |
| LC control number |
2008048408 |
| 015 ## - NATIONAL BIBLIOGRAPHY NUMBER |
| National bibliography number |
GBA901106 |
| Source |
bnb |
| 016 7# - NATIONAL BIBLIOGRAPHIC AGENCY CONTROL NUMBER |
| Record control number |
014864602 |
| Source |
Uk |
| 020 ## - INTERNATIONAL STANDARD BOOK NUMBER |
| International Standard Book Number |
9781588266347 (hardcover : alk. paper) |
| 020 ## - INTERNATIONAL STANDARD BOOK NUMBER |
| International Standard Book Number |
1588266346 (hardcover : alk. paper) |
| 020 ## - INTERNATIONAL STANDARD BOOK NUMBER |
| International Standard Book Number |
9781588266101 (pbk. : alk. paper) |
| 020 ## - INTERNATIONAL STANDARD BOOK NUMBER |
| International Standard Book Number |
1588266109 (pbk. : alk. paper) |
| 035 ## - SYSTEM CONTROL NUMBER |
| System control number |
(OCoLC)ocn270985559 |
| 040 ## - CATALOGING SOURCE |
| Original cataloging agency |
DLC |
| Transcribing agency |
DLC |
| Modifying agency |
YDXCP |
| -- |
UKM |
| -- |
C#P |
| -- |
BWX |
| -- |
VVC |
| -- |
CDX |
| -- |
DLC |
| 043 ## - GEOGRAPHIC AREA CODE |
| Geographic area code |
e------ |
| -- |
n------ |
| 050 00 - LIBRARY OF CONGRESS CALL NUMBER |
| Classification number |
JZ5588 |
| Item number |
.T73 2009 |
| 082 00 - DEWEY DECIMAL CLASSIFICATION NUMBER |
| Classification number |
355/.03351821 |
| Edition number |
22 |
| 245 00 - TITLE STATEMENT |
| Title |
Transforming defense capabilities : |
| Remainder of title |
new approaches for international security / |
| Statement of responsibility, etc. |
edited by Scott Jasper. |
| 260 ## - PUBLICATION, DISTRIBUTION, ETC. |
| Place of publication, distribution, etc. |
Boulder : |
| Name of publisher, distributor, etc. |
Lynne Rienner Publishers, |
| Date of publication, distribution, etc. |
2010. |
| 300 ## - PHYSICAL DESCRIPTION |
| Extent |
xi, 259 p. : |
| Other physical details |
ill. ; |
| Dimensions |
23 cm. |
| 504 ## - BIBLIOGRAPHY, ETC. NOTE |
| Bibliography, etc. note |
Includes bibliographical references (p. 231-238) and index. |
| 505 0# - FORMATTED CONTENTS NOTE |
| Formatted contents note |
The capabilities-based approach / Scott Jasper -- On military revolution / Daniel Moran -- The influence of the information age / Henrik Friman, Susan Higgins -- Patterns in innovation / John J. Garstka -- Pressing contemporary issues / Scott Moreland, James Mattox -- Collective solution guidelines / Kelly L. Mayes, Scott Graham -- The role of concept development / Michael Hallett -- Scientific rigor in defense experimentation / George T. Hodermarsky -- The US shift beyond capital assets / Rich Butler -- The NATO response force initiative / Paul Giarra -- Pacific theater assessments / Mel Chaloupka, Mike Solomon -- Measuring progress / Scott Jasper. |
| 610 20 - SUBJECT ADDED ENTRY--CORPORATE NAME |
| Corporate name or jurisdiction name as entry element |
North Atlantic Treaty Organization. |
| 650 #0 - SUBJECT ADDED ENTRY--TOPICAL TERM |
| Topical term or geographic name entry element |
Security, International. |
| 650 #0 - SUBJECT ADDED ENTRY--TOPICAL TERM |
| Topical term or geographic name entry element |
National security |
| Geographic subdivision |
North America. |
| 650 #0 - SUBJECT ADDED ENTRY--TOPICAL TERM |
| Topical term or geographic name entry element |
National security |
| Geographic subdivision |
Europe. |
| 651 #0 - SUBJECT ADDED ENTRY--GEOGRAPHIC NAME |
| Geographic name |
North America |
| General subdivision |
Defenses. |
| 651 #0 - SUBJECT ADDED ENTRY--GEOGRAPHIC NAME |
| Geographic name |
Europe |
| General subdivision |
Defenses. |
| 700 1# - ADDED ENTRY--PERSONAL NAME |
| Personal name |
Jasper, Scott. |
| 856 41 - ELECTRONIC LOCATION AND ACCESS |
| Materials specified |
Table of contents only |
| Uniform Resource Identifier |
<a href="http://www.loc.gov/catdir/toc/fy0904/2008048408.html">http://www.loc.gov/catdir/toc/fy0904/2008048408.html</a> |
| 906 ## - LOCAL DATA ELEMENT F, LDF (RLIN) |
| a |
7 |
| b |
cbc |
| c |
orignew |
| d |
1 |
| e |
ecip |
| f |
20 |
| g |
y-gencatlg |
| 942 ## - ADDED ENTRY ELEMENTS (KOHA) |
| Source of classification or shelving scheme |
|
| Koha item type |
Book |